000 00633nam a2200181Ia 4500
008 100921s9999 xx 000 0 und d
082 _b25940
_a891.463 थ 85
100 _aकुलकर्णी विनायक य.
245 _aखेळ मांडियेला.
260 _bइंद्रायणी साहित्य,पुणे.
_c1985
300 _a196
_b---
365 _b30
520 _aललित-कादंबरी.
630 _aखेळ मांडियेला.
650 _aललित-कादंबरी.
730 _aखेळ मांडियेला.
942 _cBOOK
999 _c775053
_d775050